<?xml version="1.0" encoding="UTF-8"?>
<collection xmlns="http://www.loc.gov/MARC21/slim">
<record>
  <controlfield tag="001">753892</controlfield>
  <controlfield tag="005">20251028101925.0</controlfield>
  <datafield tag="024" ind1="7" ind2=" ">
    <subfield code="2">datacite_doi</subfield>
    <subfield code="a">10.18154/RWTH-2019-00911</subfield>
  </datafield>
  <datafield tag="037" ind1=" " ind2=" ">
    <subfield code="a">RWTH-2019-00911</subfield>
  </datafield>
  <datafield tag="041" ind1=" " ind2=" ">
    <subfield code="a">German</subfield>
  </datafield>
  <datafield tag="088" ind1=" " ind2=" ">
    <subfield code="2">Other</subfield>
    <subfield code="a">RWTH-EBC 2019-001</subfield>
  </datafield>
  <datafield tag="100" ind1="1" ind2=" ">
    <subfield code="0">P:(DE-82)IDM01743</subfield>
    <subfield code="a">Schild, Thomas Peter</subfield>
    <subfield code="b">0</subfield>
    <subfield code="e">Corresponding author</subfield>
    <subfield code="u">rwth</subfield>
  </datafield>
  <datafield tag="245" ind1=" " ind2=" ">
    <subfield code="a">Gebäudeautomationssysteme in der Praxis : Höhere Regelalgorithmen</subfield>
    <subfield code="c">Thomas Schild, Matti Rademacher, Marc Baranski, Dirk Müller</subfield>
    <subfield code="h">online</subfield>
  </datafield>
  <datafield tag="246" ind1=" " ind2="3">
    <subfield code="a">Building Automation Systems in Practice : Advanced Control Methods</subfield>
    <subfield code="y">English</subfield>
  </datafield>
  <datafield tag="260" ind1=" " ind2=" ">
    <subfield code="a">Aachen</subfield>
    <subfield code="b">RWTH Aachen University, E.ON Energy Research Center, Institute for Energy Efficient Buildings and Indoor Climate (EBC)</subfield>
    <subfield code="c">2019</subfield>
  </datafield>
  <datafield tag="260" ind1=" " ind2=" ">
    <subfield code="c">2018</subfield>
  </datafield>
  <datafield tag="300" ind1=" " ind2=" ">
    <subfield code="a">Online-Ressource (9 Seiten)</subfield>
  </datafield>
  <datafield tag="336" ind1="7" ind2=" ">
    <subfield code="0">10</subfield>
    <subfield code="2">EndNote</subfield>
    <subfield code="a">Report</subfield>
  </datafield>
  <datafield tag="336" ind1="7" ind2=" ">
    <subfield code="0">PUB:(DE-HGF)29</subfield>
    <subfield code="2">PUB:(DE-HGF)</subfield>
    <subfield code="a">Report</subfield>
    <subfield code="b">report</subfield>
    <subfield code="m">report</subfield>
    <subfield code="x">White Paper</subfield>
  </datafield>
  <datafield tag="336" ind1="7" ind2=" ">
    <subfield code="2">BibTeX</subfield>
    <subfield code="a">TECHREPORT</subfield>
  </datafield>
  <datafield tag="336" ind1="7" ind2=" ">
    <subfield code="2">DRIVER</subfield>
    <subfield code="a">report</subfield>
  </datafield>
  <datafield tag="336" ind1="7" ind2=" ">
    <subfield code="2">DataCite</subfield>
    <subfield code="a">Output Types/Report</subfield>
  </datafield>
  <datafield tag="336" ind1="7" ind2=" ">
    <subfield code="2">ORCID</subfield>
    <subfield code="a">REPORT</subfield>
  </datafield>
  <datafield tag="500" ind1=" " ind2=" ">
    <subfield code="a">Veröffentlicht auf dem Publikationsserver der RWTH Aachen University 2019</subfield>
  </datafield>
  <datafield tag="591" ind1=" " ind2=" ">
    <subfield code="a">Germany</subfield>
  </datafield>
  <datafield tag="700" ind1="1" ind2=" ">
    <subfield code="0">P:(DE-82)755131</subfield>
    <subfield code="a">Rademacher, Matti</subfield>
    <subfield code="b">1</subfield>
    <subfield code="u">rwth</subfield>
  </datafield>
  <datafield tag="700" ind1="1" ind2=" ">
    <subfield code="0">P:(DE-82)IDM01754</subfield>
    <subfield code="a">Baranski, Marc</subfield>
    <subfield code="b">2</subfield>
    <subfield code="u">rwth</subfield>
  </datafield>
  <datafield tag="700" ind1="1" ind2=" ">
    <subfield code="0">P:(DE-82)IDM01533</subfield>
    <subfield code="a">Müller, Dirk</subfield>
    <subfield code="b">3</subfield>
    <subfield code="u">rwth</subfield>
  </datafield>
  <datafield tag="856" ind1="4" ind2=" ">
    <subfield code="u">http://publications.rwth-aachen.de/record/753892/files/753892.pdf</subfield>
    <subfield code="y">OpenAccess</subfield>
  </datafield>
  <datafield tag="856" ind1="4" ind2=" ">
    <subfield code="u">http://publications.rwth-aachen.de/record/753892/files/753892.gif?subformat=icon</subfield>
    <subfield code="x">icon</subfield>
    <subfield code="y">OpenAccess</subfield>
  </datafield>
  <datafield tag="856" ind1="4" ind2=" ">
    <subfield code="u">http://publications.rwth-aachen.de/record/753892/files/753892.jpg?subformat=icon-180</subfield>
    <subfield code="x">icon-180</subfield>
    <subfield code="y">OpenAccess</subfield>
  </datafield>
  <datafield tag="856" ind1="4" ind2=" ">
    <subfield code="u">http://publications.rwth-aachen.de/record/753892/files/753892.jpg?subformat=icon-700</subfield>
    <subfield code="x">icon-700</subfield>
    <subfield code="y">OpenAccess</subfield>
  </datafield>
  <datafield tag="909" ind1="C" ind2="O">
    <subfield code="o">oai:publications.rwth-aachen.de:753892</subfield>
    <subfield code="p">openaire</subfield>
    <subfield code="p">open_access</subfield>
    <subfield code="p">driver</subfield>
    <subfield code="p">dnbdelivery</subfield>
    <subfield code="p">VDB</subfield>
  </datafield>
  <datafield tag="910" ind1="1" ind2=" ">
    <subfield code="0">I:(DE-588b)36225-6</subfield>
    <subfield code="6">P:(DE-82)IDM01743</subfield>
    <subfield code="a">RWTH Aachen</subfield>
    <subfield code="b">0</subfield>
    <subfield code="k">RWTH</subfield>
  </datafield>
  <datafield tag="910" ind1="1" ind2=" ">
    <subfield code="0">I:(DE-588b)36225-6</subfield>
    <subfield code="6">P:(DE-82)755131</subfield>
    <subfield code="a">RWTH Aachen</subfield>
    <subfield code="b">1</subfield>
    <subfield code="k">RWTH</subfield>
  </datafield>
  <datafield tag="910" ind1="1" ind2=" ">
    <subfield code="0">I:(DE-588b)36225-6</subfield>
    <subfield code="6">P:(DE-82)IDM01754</subfield>
    <subfield code="a">RWTH Aachen</subfield>
    <subfield code="b">2</subfield>
    <subfield code="k">RWTH</subfield>
  </datafield>
  <datafield tag="910" ind1="1" ind2=" ">
    <subfield code="0">I:(DE-588b)36225-6</subfield>
    <subfield code="6">P:(DE-82)IDM01533</subfield>
    <subfield code="a">RWTH Aachen</subfield>
    <subfield code="b">3</subfield>
    <subfield code="k">RWTH</subfield>
  </datafield>
  <datafield tag="914" ind1="1" ind2=" ">
    <subfield code="y">2018</subfield>
  </datafield>
  <datafield tag="915" ind1=" " ind2=" ">
    <subfield code="0">StatID:(DE-HGF)0510</subfield>
    <subfield code="2">StatID</subfield>
    <subfield code="a">OpenAccess</subfield>
  </datafield>
  <datafield tag="915" ind1=" " ind2=" ">
    <subfield code="0">LIC:(DE-HGF)CCBYNCND4</subfield>
    <subfield code="2">HGFVOC</subfield>
    <subfield code="a">Creative Commons Attribution-NonCommercial-NoDerivs CC BY-NC-ND 4.0</subfield>
  </datafield>
  <datafield tag="920" ind1="1" ind2=" ">
    <subfield code="0">I:(DE-82)419510_20140620</subfield>
    <subfield code="k">419510</subfield>
    <subfield code="l">Lehrstuhl für Gebäude- und Raumklimatechnik</subfield>
    <subfield code="x">0</subfield>
  </datafield>
  <datafield tag="920" ind1="1" ind2=" ">
    <subfield code="0">I:(DE-82)080052_20160101</subfield>
    <subfield code="k">080052</subfield>
    <subfield code="l">E.ON Energy Research Center</subfield>
    <subfield code="x">1</subfield>
  </datafield>
  <datafield tag="980" ind1="1" ind2=" ">
    <subfield code="a">FullTexts</subfield>
  </datafield>
  <datafield tag="980" ind1=" " ind2=" ">
    <subfield code="a">I:(DE-82)080052_20160101</subfield>
  </datafield>
  <datafield tag="980" ind1=" " ind2=" ">
    <subfield code="a">I:(DE-82)419510_20140620</subfield>
  </datafield>
  <datafield tag="980" ind1=" " ind2=" ">
    <subfield code="a">UNRESTRICTED</subfield>
  </datafield>
  <datafield tag="980" ind1=" " ind2=" ">
    <subfield code="a">VDB</subfield>
  </datafield>
  <datafield tag="980" ind1=" " ind2=" ">
    <subfield code="a">report</subfield>
  </datafield>
</record>
</collection>